Applied mass spectrometry ; report of a conference organized by the Mass Spectrometry Panel of the Institute of Petroleum and held in London, 29-31 October 1953.

Bibliographic Details
Corporate Author: Institute of Petroleum (Great Britain)
Format: Book
Language:English
Published: London, [publisher not identified] ; 1954.
Subjects:

MARC

Tag First Indicator Second Indicator Subfields
LEADER 00000cam a2200000 4500
001 in00000041112
005 20151007070635.0
008 760210s1954 enka b 00010 eng
010 |a  55057154  
035 |a (OCoLC)01982304 
035 |9 AAE4410AM 
040 |a DLC  |c EEA  |d TXA  |d UtOrBLW 
049 |a TXAM  |c [423736] 
050 0 0 |a QC454  |b .I65 1953c 
090 |a QC454  |b .I65 1953 
092 |a 535.84  |b I59a, 1953 
110 2 |a Institute of Petroleum (Great Britain) 
245 1 0 |a Applied mass spectrometry ;  |b report of a conference organized by the Mass Spectrometry Panel of the Institute of Petroleum and held in London, 29-31 October 1953. 
264 1 |a London,  |b [publisher not identified] ;  |c 1954. 
300 |a vii, 333 pages :  |b illustrations, diagrams, tables. ;  |c 22 cm. 
336 |a text  |b txt  |2 rdacontent 
337 |a unmediated  |b n  |2 rdamedia 
338 |a volume  |b nc  |2 rdacarrier 
504 |a Includes bibliographies. 
650 0 |a Mass spectrometry. 
650 0 |a Hydrocarbons. 
999 |a MARS 
999 f f |s fd190662-cd01-3480-adc3-1513a328a0f3  |i c0a970bd-fd8f-3074-b399-2367e60a6e68  |t 0 
952 f f |p ric  |a Texas A&M University  |b Rellis Campus  |c Joint Library Facility  |d Remote Storage  |t 0  |e QC454 .I65 1953  |h Library of Congress classification  |i unmediated -- volume  |m A14800918234 
998 f f |a QC454 .I65 1953  |t 0  |l Remote Storage